Els Nostres peixos : quadern de camp : cicle inicial d'E.G.B. / [guió i il·lustracions: Imma Pruna] quadern de camp :
Descripción Física:
23 p. : il. ; 22 cm
Otros Autores:
Centre d'Estudis del Mar. Secció Premià de Mar
MARC
| LEADER | 00000nam a2200000Ia 4500 | ||
|---|---|---|---|
| 001 | 15406 | ||
| 008 | 160829s9999 xx 000 0 cat d | ||
| 080 | |a FU-33-57 | ||
| 100 | 1 | |a Pruna, Imma |9 27160 | |
| 245 | |a Els Nostres peixos : |b quadern de camp : |b cicle inicial d'E.G.B. / [guió i il·lustracions: |b Imma Pruna] | ||
| 260 | |a Barcelona : |b Centre d'Estudis del Mar : |b Diputació de Barcelona, [s.a.] | ||
| 300 | |a 23 p. : |b il. ; |c 22 cm | ||
| 590 | |a Núm. de full registral: 4671 | ||
| 650 | |a Peixos |x Ensenyament primari |9 39008 | ||
| 650 | 0 | |a Animals marins |x Ensenyament primari |9 39011 | |
| 650 | |a Material didàctic |9 22831 | ||
| 700 | |a Centre d'Estudis del Mar. Secció Premià de Mar |9 39010 | ||
| 710 | 1 | |a Barcelona (Catalunya : Província). |b Diputació |9 52408 | |
| 901 | |a Arxiu | ||
| 942 | |n 1 | ||
| 952 | |0 0 |1 0 |4 0 |6 FU3357 |7 1 |9 48745 |a Arxiu |b Arxiu |d 2016-12-01 |l 0 |o FU-33-57 |p 15406 |r 2016-12-01 00:00:00 |w 2016-12-01 |y ARXIU | ||
| 999 | |c 52576 |d 52576 | ||